Transport and Road Research Laboratory, Department of Enviroment. Department of Transport Compaction of bituminous road materials using vibratory rollers

Збережено в:
Бібліографічні деталі
Співавтор: Transport and Road Research Laboratory
Інші автори: Powell, W.D, Leech, D
Формат: Книга
Мова:English
Опубліковано: Crowthorne, Berkshire : Transport and Road Research Laboratory, 1983
Серія:TRRL Supplementary Report
Предмети:
Теги: Додати тег
Немає тегів, Будьте першим, хто поставить тег для цього запису!

MARC

LEADER 00000nam a2200000Ia 4500
003 003365
005 20221231143957.0
008 140114s1983 enka 000 ||eng d
040 |c cru CEDI 
082 |a 625.809.94 T792t 
110 |9 21789  |a Transport and Road Research Laboratory. 
245 |a Transport and Road Research Laboratory, Department of Enviroment. Department of Transport  |b Compaction of bituminous road materials using vibratory rollers 
260 |a Crowthorne, Berkshire : Transport and Road Research Laboratory,   |c 1983 
300 |a 19 [1] páginas :ilustraciones 
440 |a TRRL Supplementary Report  |n 1102  |9 21814 
650 |x TRANSPORTE - MANTENIMIENTO Y REPARACION   |x MATERIALES PARA CARRETERAS   |x MATERIALES BITUMINOSOS  |9 21815 
700 |9 21812  |a Powell, W.D 
700 |9 21813  |a Leech, D 
942 |2 ddc  |c BK 
999 |c 15067  |d 15067